[Event "Frauenbundesliga 1st Div 2010-11"]
[Site "Germany GER"]
[Date "2010.12.04"]
[Round "3.2"]
[White "Fuchs,Ju"]
[Black "Doluhanova,E"]
[Result "0-1"]
[WhiteElo "2274"]
[BlackElo "2266"]

1.e4 c5 2.Nf3 d6 3.d4 cxd4 4.Nxd4 Nf6 5.Nc3 a6 6.Be3 e5 7.Nf3 Qc7 8.a4 Be6
9.Be2 Be7 10.O-O Nbd7 11.Bg5 O-O 12.Re1 Rac8 13.Bf1 h6 14.Bxf6 Nxf6 15.Re2 Qb6
16.Qc1 Bc4 17.Rd2 Bxf1 18.a5 Qc6 19.Qxf1 Nxe4 20.Nxe4 Qxe4 21.c3 Rc5 22.Qd1 Rfc8
23.Ne1 Rb5 24.Nd3 Bg5 25.Re2 Qd5 26.Ne1 Rxa5 27.b4 Rb5 28.h4 Qxd1 29.Rxd1 Bxh4  0-1

[Event "2nd Pilsen Open"]
[Site "Plzen CZE"]
[Date "2010.12.07"]
[Round "5"]
[White "Blecha,Mir"]
[Black "Gunajew,R"]
[Result "0-1"]
[WhiteElo "2194"]
[BlackElo "2280"]

1.e4 c5 2.Nf3 d6 3.d4 cxd4 4.Nxd4 Nf6 5.Nc3 a6 6.Be3 e5 7.Nb3 Be7 8.f3 Be6
9.Qd2 O-O 10.O-O-O a5 11.Bb5 Na6 12.g4 Nc7 13.Bb6 Qb8 14.Ba4 Ra6 15.Qf2 Rc8
16.Nb5 Nfe8 17.Na7 Rd8 18.Bb5 Bg5+ 19.Kb1 Nxb5 20.Nxb5 Rc8 21.h4 Bd8 22.Bxd8 Rxd8
23.Rd2 a4 24.Nc1 Bc4 25.Na3 Be6 26.Nb5 Rc8 27.Rhd1 Rcc6 28.Nd3 Rab6 29.Nc3 Qc7
30.Nd5 Bxd5 31.exd5 Rc4 32.a3 Rb5 33.Nb4 Rbc5 34.Re1 Nf6 35.g5 Nh5 36.Re4 f5
37.Rxc4 Rxc4 38.Qa7 Rxh4 39.Qxa4 Kf7 40.Rd3 Rc4 41.Rc3 Rxc3 42.bxc3 Nf4 43.c4 Kg6
44.Nd3 Nxd3 45.cxd3 Kxg5 46.Qc2 h5 47.Qd2+ Kf6 48.f4 Qb6+ 49.Kc2 h4 50.Qh2 g5
51.fxg5+ Kxg5 52.Qg2+ Kf6 53.Qg8 Qf2+ 54.Kb3 e4 55.Qd8+ Ke5 56.d4+ Kf4 57.Qxd6+ Ke3
58.Qh6+ Kd3 59.Qc1 e3 60.Qc3+ Ke4 61.d6 e2 62.d7 e1=Q 63.Qxe1+ Qxe1 64.d8=Q Kd3
65.Ka4 Qc3 66.d5 Qxc4+ 67.Ka5 Qc5+ 68.Ka4 h3 69.Qg5 Qc4+ 70.Ka5 Qxd5+ 71.Kb6 Qf3
72.Qd8+ Ke2 73.a4 h2 74.Ka5 h1=Q 75.Qe8+ Kf2  0-1

[Event "I Jorge Duarte IM"]
[Site "Buenos Aires ARG"]
[Date "2010.12.14"]
[Round "4"]
[White "Pineiro,Dar"]
[Black "Filion,C"]
[Result "1-0"]
[WhiteElo "2183"]
[BlackElo "2232"]

1.e4 c5 2.Nf3 d6 3.d4 cxd4 4.Nxd4 Nf6 5.Nc3 a6 6.Be3 e5 7.Nb3 Be6 8.Qd2 Nbd7
9.O-O-O Rc8 10.f4 b5 11.Kb1 Be7 12.Be2 Qc7 13.Bf3 Nb6 14.Bxb6 Qxb6 15.f5 Bc4
16.g4 b4 17.Nd5 Nxd5 18.exd5 a5 19.g5 a4 20.Nc1 f6 21.Bh5+ Kd7 22.gxf6 Bxf6
23.Bf7 Rc5 24.Be6+ Ke7 25.Rhg1 Bxa2+ 26.Nxa2 b3 27.cxb3 axb3 28.Nb4 Qa7 29.Qe3 Qa4
30.Rg4 Qb5 31.Nc6+ Kf8 32.Rb4  1-0

[Event "29th European Blitz"]
[Site "Warsaw POL"]
[Date "2010.12.17"]
[Round "6"]
[White "Inarkiev,E"]
[Black "Andriasian,Z"]
[Result "1-0"]
[WhiteElo "2667"]
[BlackElo "2585"]

1.e4 c5 2.Nf3 d6 3.Nc3 Nf6 4.d4 cxd4 5.Nxd4 a6 6.Be3 Ng4 7.Bg5 h6 8.Bh4 g5
9.Bg3 Bg7 10.h3 Ne5 11.Qd2 Nbc6 12.O-O-O Ng6 13.Nf5 Bxf5 14.exf5 Nge5 15.Nd5 Rc8
16.Kb1 e6 17.Ne3 d5 18.f4 gxf4 19.Bxf4 Qb6 20.c3 Ne7 21.Ka1 Nd7 22.Bd3 Nc5
23.Bc2 Rd8 24.Qf2 e5 25.Bg3 e4 26.Ng4 h5 27.f6 hxg4 28.fxg7 Rg8 29.Rhf1 Rxg7
30.Be5 Rh7 31.Bd4 Rc8 32.b4 gxh3 33.gxh3 Qe6 34.bxc5 Nc6 35.Ba4 Kd7 36.Rb1 Rc7
37.Qg3 Rh6 38.Bxc6+ bxc6 39.Rb8 Rg6 40.Qf4 f6 41.Rfb1 Rg7  1-0

[Event "48th ch-IND"]
[Site "New Delhi IND"]
[Date "2010.12.18"]
[Round "9"]
[White "Shashikant,K"]
[Black "Vishnu,P"]
[Result "1/2-1/2"]
[WhiteElo "2303"]
[BlackElo "2406"]

1.e4 c5 2.Nf3 d6 3.d4 cxd4 4.Nxd4 Nf6 5.Nc3 a6 6.Be3 e5 7.Nf3 Be7 8.Bc4 O-O
9.O-O Nc6 10.Qe2 Na5 11.Bb3 h6 12.Rfd1 Nxb3 13.axb3 Qe8 14.Nd2 b5 15.f3 Be6
16.b4 Qc6 17.Nb3 Rad8 18.Na5 Qa8 19.Qf2 Rd7 20.Rd2 Nh5 21.Nd5 Bxd5 22.exd5 f5
23.b3 Bg5 24.Bxg5 hxg5 25.Nc6 Nf4 26.c4 Qe8 27.Rxa6 g4  1/2-1/2

[Event "European Rapid Championship"]
[Site "Warsaw POL"]
[Date "2010.12.18"]
[Round "2"]
[White "Inarkiev,E"]
[Black "Bugajski,R"]
[Result "1-0"]
[WhiteElo "2667"]
[BlackElo "2196"]

1.e4 c5 2.Nf3 d6 3.d4 cxd4 4.Nxd4 Nf6 5.Nc3 a6 6.Be3 e5 7.Nb3 Be6 8.Qd2 Nbd7
9.f3 Be7 10.g4 h6 11.O-O-O Qc7 12.h4 b5 13.Kb1 Nc5 14.Bh3 b4 15.Nd5 Bxd5
16.exd5 Nxb3 17.cxb3 a5 18.g5 hxg5 19.hxg5 Nh5 20.g6 fxg6 21.Rc1 Qb7 22.Qd3 Bf6
23.Be6 Nf4 24.Rxh8+ Ke7 25.Bxf4 Rxh8 26.Qxg6 Rf8 27.Bg5 Rh8  1-0

[Event "European Rapid Championship"]
[Site "Warsaw POL"]
[Date "2010.12.18"]
[Round "4"]
[White "Shirov,A"]
[Black "Olszewski,Mi"]
[Result "0-1"]
[WhiteElo "2735"]
[BlackElo "2532"]

1.e4 c5 2.Nf3 d6 3.d4 cxd4 4.Nxd4 Nf6 5.Nc3 a6 6.Be3 e5 7.Nb3 Be7 8.Qd2 Be6
9.f4 O-O 10.O-O-O Qc7 11.f5 Bd7 12.g4 b5 13.g5 b4 14.gxf6 bxc3 15.Qxc3 Qxc3
16.bxc3 Bxf6 17.Rxd6 Be7 18.Rd2 Rc8 19.c4 a5 20.Rg2 a4 21.Nd2 Nc6 22.Bh6 g6
23.h4 Rab8 24.Rh3 a3 25.Nb3 Nb4 26.Kb1 Bc6 27.Re3 Bxh4 28.Bg5 Bxg5 29.Rxg5 Rd8
30.Be2 Kg7 31.fxg6 hxg6 32.Rxe5 Rh8 33.Bf3 Rh3 34.Ra5 f5 35.Ra7+ Kh6 36.exf5 Bxf3
37.Rxa3 gxf5 38.Kb2 Kg5 39.Nd4 Nc6+ 40.Nb5 Kg4 41.Re6 Nd4 42.Re5 Rh2 43.Rd3 Nxc2
44.Kb3 Be4 45.Rd7 Rh3+ 46.Kb2 Ne3 47.Rd4 Rh2+ 48.Kb3 Nc2 49.Rdxe4+ fxe4 50.a4 Kf4
51.Re7 Nd4+ 52.Kc3 Nf5 53.Re6 Ra8 54.Kb4 Rb2+ 55.Ka3 Rd2 56.c5 e3 57.Nc3 Rd3
58.Kb4 Rb8+ 59.Rb6 Re8  0-1

[Event "European Rapid Championship"]
[Site "Warsaw POL"]
[Date "2010.12.18"]
[Round "8"]
[White "Inarkiev,E"]
[Black "Nedilko,V"]
[Result "1-0"]
[WhiteElo "2667"]
[BlackElo "2413"]

1.e4 c5 2.Nf3 d6 3.d4 cxd4 4.Nxd4 Nf6 5.Nc3 a6 6.Be3 e5 7.Nb3 Be7 8.f3 Be6
9.Qd2 O-O 10.O-O-O a5 11.Qe1 Qc7 12.Nb5 Qc6 13.Nxa5 Qc8 14.Nxd6 Bxd6 15.Rxd6 Qc7
16.Rb6 Rc8 17.Bd3 Nbd7 18.Qb4 Nxb6 19.Bxb6 Qb8 20.Bb5 Nd7 21.Bxd7 Bxd7 22.Rd1 Be6
23.b3 h6 24.Kb2 Re8 25.g4 Qc8 26.c4 Bd7 27.c5 Bc6 28.Nc4 Rf8 29.Nxe5 Qe6
30.Qc3 Rfe8 31.Nc4 h5 32.h3 hxg4 33.hxg4 Qh6 34.Nd6 Re6 35.a4 Qf4 36.Nf5 Qe5
37.Qxe5 Rxe5 38.a5 g6 39.Nd6 Kg7 40.b4 Re7 41.b5 Be8 42.Kc3  1-0

[Event "European Rapid Championship"]
[Site "Warsaw POL"]
[Date "2010.12.19"]
[Round "10"]
[White "Doluhanova,E"]
[Black "Olszewski,Mi"]
[Result "1/2-1/2"]
[WhiteElo "2266"]
[BlackElo "2532"]

1.e4 c5 2.Nf3 d6 3.d4 cxd4 4.Nxd4 Nf6 5.Nc3 a6 6.Be3 e5 7.Nf3 Qc7 8.a4 Be7
9.a5 Nbd7 10.Be2 Nc5 11.Nd5 Nxd5 12.exd5 f5 13.O-O O-O 14.c4 e4 15.Nd2 Bf6
16.Rb1 Bd7 17.b4 Na4 18.Rc1 Rae8 19.Bb6 Nxb6 20.axb6 Qxb6 21.c5 Qxb4 22.c6 bxc6
23.dxc6 Be6 24.Bxa6 Bg5 25.Rc2 e3 26.fxe3 Bxe3+ 27.Kh1 Bc5 28.h3 Qa4 29.Bb7 Bd5
30.Nb1 Be4 31.Rc1 Bxc6 32.Qxa4 Bxa4 33.Nc3 Bd7 34.Nd5 Re5 35.Nc7 Kf7 36.Bd5+ Kf6
37.Bf3 Rb8 38.Rfd1 Ba4 39.Rd3 Rb3 40.Rxb3 Bxb3 41.Rb1 Bf7 42.Rb8 f4 43.Rb1 h5
44.h4 d5 45.Rd1 d4 46.Na6 Ba7 47.Nb4 Bb3 48.Ra1 Rb5 49.Nd3 Bb8 50.Ra6+ Kf7
51.Bc6 Rf5 52.Rb6 Bc2 53.Be4 Bxd3 54.Bxd3 Re5 55.Rxb8 Re3 56.Rb3 Kf6 57.Kg1 g5
58.hxg5+ Kxg5 59.Kf2 f3 60.gxf3 Kf4 61.Bc4 h4 62.Rxe3 dxe3+ 63.Kg2 h3+  1/2-1/2

[Event "European Rapid Championship"]
[Site "Warsaw POL"]
[Date "2010.12.19"]
[Round "12"]
[White "Inarkiev,E"]
[Black "Jakubowski,K"]
[Result "1-0"]
[WhiteElo "2667"]
[BlackElo "2502"]

1.e4 c5 2.Nf3 d6 3.d4 cxd4 4.Nxd4 Nf6 5.Nc3 a6 6.Be3 e6 7.Be2 Nc6 8.f4 Be7
9.g4 O-O 10.g5 Nd7 11.h4 Rb8 12.Qd2 Nxd4 13.Bxd4 b5 14.Bd3 b4 15.Ne2 e5 16.Ba7 Rb7
17.Be3 exf4 18.Bxf4 Ne5 19.O-O-O Bg4 20.Kb1 a5 21.Rdf1 a4 22.Nd4 b3 23.cxb3 axb3
24.a3 g6 25.h5 Bxh5 26.Nf5 Kh8 27.Ng3 f6 28.Nxh5 gxh5 29.g6 hxg6 30.Bxe5  1-0

[Event "Azerbaijanian Solidarity Day"]
[Site "Baku AZE"]
[Date "2010.12.22"]
[Round "1.1"]
[White "Bajarani,U"]
[Black "Gasanov,E"]
[Result "1-0"]
[WhiteElo "2413"]
[BlackElo "2488"]

1.e4 c5 2.Nf3 d6 3.d4 cxd4 4.Nxd4 Nf6 5.Nc3 a6 6.Be3 Ng4 7.Bc1 Nf6 8.Be2 g6
9.O-O Bg7 10.Re1 O-O 11.Bf1 Nc6 12.Nb3 b5 13.Nd5 Nd7 14.c3 e6 15.Nf4 Nf6
16.f3 e5 17.Nd3 Be6 18.Be3 a5 19.a4 bxa4 20.Rxa4 Rb8 21.Ra3 Qc7 22.Nd2 d5
23.exd5 Nxd5 24.Bf2 Rfd8 25.Qa1 Nb6 26.Ne4 Nc4 27.Ra4 Nb6 28.Ra3 Nc4 29.Ndc5 Nxa3
30.Nxe6 fxe6 31.Qxa3 Qb7 32.Qa4 Ne7 33.Rb1 Qb3 34.Qxb3 Rxb3 35.Bc4 Rbb8 36.Bxe6+ Kf8
37.Bc5 h6 38.b4 axb4 39.cxb4 Ke8 40.b5 Nf5 41.b6 Nd4 42.Bc4 Kd7 43.b7 Bf8
44.Ba7 Nc6 45.Bxb8 Rxb8 46.Bd5 Nb4 47.Nf6+ Kc7 48.Rc1+ Kd8 49.Be4 Ke7 50.Rc8 Na6
51.Ne8 Kd7 52.Bc6+  1-0

[Event "Amitan Memorial"]
[Site "Donetsk UKR"]
[Date "2010.12.24"]
[Round "6"]
[White "Soltanici,R"]
[Black "Hamitevici,V"]
[Result "1/2-1/2"]
[WhiteElo "2415"]
[BlackElo "2417"]

1.e4 c5 2.Nc3 d6 3.Nf3 a6 4.d4 cxd4 5.Nxd4 Nf6 6.Be3 e5 7.Nf3 Be7 8.Bc4 O-O
9.O-O Be6 10.Bxe6 fxe6 11.Na4 Nfd7 12.c4 Nc6 13.Qb3 Na5 14.Qd3 Qc7 15.Rac1 Nc5
16.Nxc5 dxc5 17.Rfd1 Rad8 18.Qe2 Rxd1+ 19.Rxd1 Nc6 20.Ne1 Rd8 21.Rxd8+ Qxd8
22.g3 Qa5 23.b3 Qd8 24.h4 b6 25.Kg2 Qd7 26.Qg4 Bf6 27.Qe2 Nb4 28.a4 Nc6 29.Qd3 Qxd3
30.Nxd3 Kf7 31.Bd2 a5 32.Bc3 g6 33.g4 h6 34.g5 hxg5 35.hxg5 Bg7 36.Kf3 Ke7
37.Kg4 Kf7 38.Bb2 Kg8 39.Bc3 Kf7 40.Kf3 Ke7 41.Ke2 Kf7 42.f3 Kg8 43.Nf2 Kf7
44.Ng4 Kg8 45.Nf2 Kf7 46.Nd3 Kg8 47.Nf2 Kf7  1/2-1/2

[Event "19th Donau Open"]
[Site "Aschach AUT"]
[Date "2010.12.26"]
[Round "1"]
[White "Ly Daniel"]
[Black "Neumeier,K"]
[Result "1/2-1/2"]
[WhiteElo "2069"]
[BlackElo "2374"]

1.e4 c5 2.Nf3 d6 3.d4 cxd4 4.Nxd4 Nf6 5.Nc3 a6 6.Be3 e5 7.Nb3 Be6 8.f3 Be7
9.Qd2 h5 10.O-O-O Nbd7 11.Be2 Qc7 12.h3 h4 13.f4 exf4 14.Bxf4 Ne5 15.Nd4 Bd7
16.Rhe1 Rc8 17.Kb1 Qb6 18.Nd5 Nxd5 19.exd5 Bf6 20.Bg5 Qd8 21.Bxf6 Qxf6 22.Rf1 Qg6
23.Bd3 Nxd3 24.Qxd3 Qxd3 25.Rxd3 Rh5 26.Rf4 Re5 27.b3 g5 28.Rf6 Rxd5 29.c4 Ke7
30.Rf2 Re5 31.Nf3 Rf5 32.Rfd2 Bc6 33.Rxd6 Bxf3 34.gxf3 Rxf3 35.Rd7+ Kf8 36.Rxb7 Re8
37.c5 Rc3 38.Rdd7 Rf3 39.Kb2 Rc8 40.Rd5 g4 41.hxg4 h3 42.Rh5 Kg7 43.Rb6 a5  1/2-1/2

[Event "WSB Masters GM"]
[Site "Wroclaw POL"]
[Date "2010.12.30"]
[Round "5"]
[White "Talla,V"]
[Black "Golichenko,I"]
[Result "0-1"]
[WhiteElo "2452"]
[BlackElo "2417"]

1.e4 c5 2.Nf3 d6 3.d4 cxd4 4.Nxd4 Nf6 5.Nc3 a6 6.Be3 e5 7.Nb3 Be6 8.Qd2 Be7
9.f3 Nbd7 10.O-O-O O-O 11.g4 b5 12.g5 b4 13.Ne2 Ne8 14.f4 a5 15.f5 a4 16.fxe6 axb3
17.cxb3 fxe6 18.Kb1 Qa5 19.Nc1 Nc7 20.Bg2 Nc5 21.Rhf1 Rfc8 22.Bxc5 Qxc5 23.Nd3 Qa5
24.Nxb4 Nb5 25.Rf3 Nd4 26.Rg3 Rc2 27.Qe1 Re2 28.Qc3 d5  0-1

[Event "HSK GM"]
[Site "Hamburg GER"]
[Date "2011.01.03"]
[Round "2.1"]
[White "Lanka,Z"]
[Black "Colpe,M"]
[Result "1-0"]
[WhiteElo "2468"]
[BlackElo "2218"]

1.e4 c5 2.Nf3 d6 3.d4 cxd4 4.Nxd4 Nf6 5.Nc3 a6 6.Be3 e5 7.Nb3 Be6 8.f4 exf4
9.Bxf4 Nc6 10.Qe2 Be7 11.h3 Nd7 12.O-O-O Nce5 13.Kb1 O-O 14.g4 Qc7 15.g5 b5
16.Nd5 Bxd5 17.exd5 Rfe8 18.Qf2 Bf8 19.h4 g6 20.h5 Bg7 21.hxg6 hxg6 22.Qh2 b4
23.Qh7+ Kf8 24.Nd4 Nb6 25.Bg2 Nbc4 26.Rhf1 Nxb2 27.Bxe5 Rxe5 28.Ne6+ Rxe6
29.dxe6 Nxd1 30.Rxf7+ Qxf7 31.exf7  1-0

[Event "23rd Staufer-Open"]
[Site "Leinzell GER"]
[Date "2011.01.03"]
[Round "4"]
[White "Demel,P"]
[Black "Overbeck,T"]
[Result "1-0"]
[WhiteElo "2147"]
[BlackElo "2310"]

1.e4 c5 2.Nf3 d6 3.d4 cxd4 4.Nxd4 Nf6 5.Nc3 a6 6.Be3 e5 7.Nb3 Be6 8.f3 Be7
9.Qd2 O-O 10.O-O-O a5 11.Bb5 Na6 12.Qf2 Qb8 13.g4 Rc8 14.g5 Ne8 15.f4 exf4
16.Bxf4 a4 17.Nd4 Nec7 18.a3 Nc5 19.Rhf1 Nxb5 20.Ndxb5 Ra6 21.Kb1 Nd7 22.Nd5 Bf8
23.Qg3 Ne5 24.Nb4 Ra5 25.Nc3 Qc7 26.Rf2 Rc5 27.Ncd5 Qa5 28.Bxe5 dxe5 29.Rg1 Bxd5
30.Nxd5 Rxd5 31.exd5 Bc5 32.Rd1 Bxf2 33.Qxf2 Qd8 34.Qf5 Rc7 35.Qxe5 Re7 36.Qf4 b5
37.Qb4 Qd7 38.d6 Re5 39.Qc3 Re8 40.Qc7 Rd8 41.Qxd7 Rxd7 42.b3 axb3 43.cxb3 Kf8
44.Kc2 Ke8 45.Kc3 Ra7 46.Kb4 Kd7 47.h4 f6 48.gxf6 gxf6 49.h5 Ra8 50.h6 f5
51.Rf1 Rf8 52.Kxb5 Kxd6 53.a4 Ke5 54.a5 Rb8+ 55.Ka4 f4 56.b4 Ke4 57.a6 f3
58.b5 Ke3 59.a7  1-0

[Event "1st HDBank Cup"]
[Site "Ho Chi Minh City VIE"]
[Date "2011.01.05"]
[Round "4.23"]
[White "Sukandar,I"]
[Black "Tan Weiliang"]
[Result "0-1"]
[WhiteElo "2382"]
[BlackElo "2246"]

1.e4 c5 2.Nf3 d6 3.d4 cxd4 4.Nxd4 Nf6 5.Nc3 a6 6.Be3 e5 7.Nb3 Be6 8.Qd2 Nbd7
9.O-O-O Rc8 10.f4 b5 11.f5 Bc4 12.Kb1 Qc7 13.Bd3 Be7 14.h3 O-O 15.g4 b4 16.Ne2 d5
17.g5 Nxe4 18.Bxe4 dxe4 19.f6 Bxb3 20.cxb3 Bc5 21.Ng3 Rfd8 22.Rc1 Qb6 23.Bxc5 Nxc5
24.Qf2 Nd7 25.Rxc8 Rxc8 26.Qxb6 Nxb6 27.Nf5 Rd8 28.Nxg7 Rd3 29.Nf5 e3 30.Re1 Nd5
31.Ne7+ Kh8 32.Rc1 Nc3+ 33.bxc3 e2 34.Kc2 Rxc3+ 35.Kd2 Rxc1 36.Kxe2 Rc2+
37.Kd3 Rxa2 38.Nc6 e4+ 39.Kxe4 a5 40.Kd3 a4 41.bxa4 b3 42.a5 Rh2 43.Kc3 b2  0-1

[Event "Australian Open"]
[Site "Cammeray AUS"]
[Date "2011.01.07"]
[Round "6.4"]
[White "Illingworth,M"]
[Black "Ly,Mo"]
[Result "1-0"]
[WhiteElo "2311"]
[BlackElo "2321"]

1.e4 c5 2.Nf3 d6 3.d4 cxd4 4.Nxd4 Nf6 5.Nc3 a6 6.Be3 e6 7.Qd2 b5 8.f3 Nbd7
9.g4 Nb6 10.O-O-O Bb7 11.Bd3 Nfd7 12.Kb1 Rc8 13.g5 Ne5 14.Qe1 Be7 15.h4 Nec4
16.Bc1 d5 17.exd5 Nxd5 18.Nxd5 Bxd5 19.Be4 O-O 20.g6 Bxe4 21.gxf7+ Rxf7 22.Qxe4 Qd5
23.Nxe6 Qxe4 24.fxe4 Rc6 25.Nd4 Rc8 26.Nf5 Bf8 27.Rhg1 Rfc7 28.Bf4 Ra7 29.h5 Kf7
30.Rgf1 Ke8 31.c3 g6 32.hxg6 hxg6 33.Nd6+ Bxd6 34.Bxd6 Rf7 35.Rh1 Rc6 36.Rh8+ Kd7
37.Bc5+ Kc7 38.Ra8 Rf4 39.Ra7+ Kb8 40.Rd8+ Rc8 41.Rxc8+ Kxc8 42.Rxa6 Rxe4
43.b3 Ne5 44.Re6 g5 45.Bd4 Nf3 46.Rxe4 Nd2+ 47.Kc2 Nxe4 48.Kd3 Nd6 49.Be3 Nf7
50.Ke4 Kb7 51.Kd5 g4 52.Ke6 Nd8+ 53.Kf5 g3 54.Kg4 g2 55.Kf3 Kc6 56.Kxg2 Kd5
57.Kf3 Nc6 58.Bd2 Ne5+ 59.Kf4 Nd3+ 60.Ke3 Nc5 61.Bc1 Ne4 62.Bb2 Nd6 63.Ba3 Nf7
64.Bf8 Ne5 65.Bg7 Nf7 66.Kd3 Nd6 67.Kc2 Nf5 68.Bf6 Ke6 69.Bh8 Kd5 70.Kb2 Ne7
71.Kc2 Nc8 72.Kd3 Nd6 73.Bg7 Nb7 74.Bd4 Nd6 75.Be3 Nb7 76.a4 bxa4 77.c4+ Kc6
78.b4 a3 79.b5+ Kd6 80.Kc2 Na5 81.c5+ Kd5 82.Kb1 Nb7 83.c6 Nd6 84.c7 Nc8
85.b6 Kc6 86.Bc5  1-0

[Event "9th Parsvnath Open"]
[Site "New Delhi IND"]
[Date "2011.01.08"]
[Round "1.19"]
[White "Dzhumaev,M"]
[Black "Kulkarni,C"]
[Result "0-1"]
[WhiteElo "2493"]
[BlackElo "2317"]

1.e4 c5 2.Nf3 d6 3.d4 cxd4 4.Nxd4 Nf6 5.Nc3 a6 6.Be3 Nc6 7.f3 e6 8.Qd2 Be7
9.O-O-O O-O 10.g4 Nd7 11.Be2 Nxd4 12.Bxd4 b5 13.h4 Bb7 14.a3 Rc8 15.g5 Nb6
16.f4 Nc4 17.Bxc4 Rxc4 18.Rhe1 d5 19.exd5 Bxd5 20.Qe3 b4 21.Nxd5 Qxd5 22.Bxg7 Qf5
23.c3 Kxg7 24.axb4 Qxf4 25.Qxf4 Rxf4 26.Rd7 Re8 27.Rh1 Rxh4  0-1

[Event "Frauenbundesliga 1st Div 2010-11"]
[Site "Germany GER"]
[Date "2011.01.09"]
[Round "5.3"]
[White "Jaracz,B"]
[Black "Chlost,M"]
[Result "0-1"]
[WhiteElo "2274"]
[BlackElo "2152"]

1.e4 c5 2.Nf3 d6 3.d4 cxd4 4.Nxd4 Nf6 5.Nc3 a6 6.Be3 e5 7.Nb3 Be7 8.f3 Be6
9.Qd2 O-O 10.O-O-O Nbd7 11.g4 Qc7 12.Qf2 Rac8 13.Kb1 b5 14.g5 Nh5 15.Nd5 Bxd5
16.exd5 f5 17.gxf6 Rxf6 18.Bd3 Nf4 19.Be4 Rf7 20.Qd2 Bg5 21.Na5 Nb6 22.h4 Bh6
23.Bxf4 Rxf4 24.Qd3 Kh8 25.Nc6 Na4 26.Qa3 Nc5 27.Rde1 Rcf8 28.c4 bxc4 29.Qb4 Nd3
30.Qxc4 Nxe1 31.Rxe1 Qb7 32.h5 Rh4 33.Qc2 Bf4 34.b3 Rxh5 35.Qd3 Rh2 36.Rd1 Qb6
37.Qf1 Qc5  0-1

[Event "9th Parsvnath Open"]
[Site "New Delhi IND"]
[Date "2011.01.09"]
[Round "3.48"]
[White "Godbole,A"]
[Black "Shyam,N"]
[Result "0-1"]
[WhiteElo "1927"]
[BlackElo "2381"]

1.e4 c5 2.Nf3 d6 3.d4 cxd4 4.Nxd4 Nf6 5.Nc3 a6 6.Be3 e5 7.Nf3 Qc7 8.a4 Be6
9.a5 Nbd7 10.Be2 Qc6 11.Nd2 Be7 12.O-O O-O 13.Bf3 Rfc8 14.Nb3 h6 15.h3 Nf8
16.Kh2 N8h7 17.Qd2 Ng5 18.Bxg5 hxg5 19.g4 g6 20.Nc1 Qc7 21.Kg2 Rd8 22.N3e2 Kg7
23.Ng3 Rh8 24.Rh1 Rac8 25.Nf1 Qc5 26.Ne3 Bd8 27.Nd5 Nxd5 28.exd5 Bd7 29.b4 Qd4
30.Rd1 Qf4  0-1

[Event "10th Praha Open A"]
[Site "Prague CZE"]
[Date "2011.01.14"]
[Round "9"]
[White "Chirila,I"]
[Black "Zilka,S"]
[Result "1/2-1/2"]
[WhiteElo "2493"]
[BlackElo "2479"]

1.e4 c5 2.Nf3 d6 3.d4 cxd4 4.Nxd4 Nf6 5.Nc3 a6 6.Be3 e5 7.Nf3 Be7 8.Bc4 O-O
9.O-O Qc7 10.Bb3 Nbd7 11.Bg5 h6 12.Bxf6 Nxf6 13.Nd5 Nxd5 14.Bxd5 Be6 15.Qd3 Bxd5
16.Qxd5 Qc6 17.Rfd1 Qxd5 18.Rxd5 Rac8 19.c3 g6 20.Nd2 f5 21.exf5 gxf5 22.f4 exf4
23.Re1 Rce8 24.Nf3 Kh7 25.Kf1 Kg6 26.Re6+ Rf6 27.Nh4+ Kf7 28.Re2 Bf8 29.Rxe8 Kxe8
30.Nxf5 Kd7 31.Nd4 Rf7 32.c4 Re7 33.Kf2 Re5 34.Kf3 Bg7 35.Rxe5 Bxe5 36.Ke4 f3
37.Nxf3 Bxb2 38.Kd5 h5 39.g3 Bc1 40.Nd4 Be3 41.Nf5 Bg1 42.h3 Bh2 43.Nxd6 h4
44.Nf5  1/2-1/2

[Event "36th Open"]
[Site "Seville ESP"]
[Date "2011.01.15"]
[Round "9"]
[White "Korneev,O"]
[Black "Urbina Perez,J"]
[Result "1-0"]
[WhiteElo "2576"]
[BlackElo "2189"]

1.e4 c5 2.Nf3 d6 3.d4 cxd4 4.Nxd4 Nf6 5.Nc3 a6 6.Be3 e5 7.Nf3 Be7 8.Bc4 O-O
9.O-O Nc6 10.Bg5 Be6 11.Bb3 Nd7 12.Bxe7 Qxe7 13.Nd5 Qd8 14.Qe2 Nc5 15.Rad1 Nxb3
16.axb3 Rc8 17.h3 f5 18.exf5 Bxd5 19.Rxd5 Ne7 20.Rd2 Nxf5 21.Rfd1 Qf6 22.c3 Rce8
23.Nh2 Re6 24.Ng4 Qg6 25.Ne3 h6 26.Nxf5 Rxf5 27.Qe4 Rg5 28.Qxb7 e4 29.f4 exf3
30.Qxf3 Rg3 31.Qd5 Kh7 32.Kh2 Rge3 33.Rf1 Qg3+ 34.Kg1 Rg6 35.Qf5 Re5 36.Qf3 Qg5
37.Qf4 Qe7 38.Rdf2 Re4 39.Qf7 Qg5 40.Qf3 Qe7 41.b4 Re5 42.Qf4 Re3 43.Kh2 Re4
44.Qf5 Re5 45.Qf7 Qh4 46.Qf4 Qe7 47.Rf3 Re4 48.Qf5 Re5 49.Qd3 Rg5 50.R1f2 Qe5+
51.Kg1 Qe1+ 52.Qf1 Qe4 53.Kh1 Qd5 54.Rf5 Rxf5 55.Rxf5 Qe4 56.Rf4 Qe5 57.Qf3 d5
58.Rf5 Qe1+ 59.Kh2 d4 60.Qd3 dxc3 61.bxc3 Qe7 62.Rf3 Qd6+ 63.Qxd6 Rxd6 64.c4 Rb6
65.Rb3 Rc6 66.c5 Kg6 67.Kg3 Kf5 68.Re3 Rc7 69.Kf3 Rb7 70.Re4 Rd7 71.Ke3 Rd1
72.g4+ Kf6 73.Rd4 Rh1 74.Ke4 Rxh3 75.Rd6+ Ke7 76.Rxa6 Rb3 77.Rb6 Rc3 78.Kf5 Rf3+
79.Ke5 Kd7 80.b5 Re3+ 81.Kd5 Re1 82.Rb7+  1-0

[Event "9th Parsvnath Open"]
[Site "New Delhi IND"]
[Date "2011.01.16"]
[Round "11"]
[White "Zeng,C"]
[Black "Sundararajan,K"]
[Result "1-0"]
[WhiteElo "2377"]
[BlackElo "2449"]

1.e4 c5 2.Nf3 d6 3.d4 cxd4 4.Nxd4 Nf6 5.Nc3 a6 6.Be3 e6 7.f3 b5 8.Qd2 Nbd7
9.g4 h6 10.O-O-O b4 11.Na4 Ne5 12.Qxb4 Bd7 13.Nc3 Qc7 14.Nb3 Nxf3 15.Bb6 Qb8
16.Qa5 Qb7 17.Be2 Ne5 18.Bd4 Nc6 19.Qb6 Qxb6 20.Bxb6 Ne5 21.h3 Rc8 22.Na5 Rxc3
23.bxc3 Nxe4 24.Bd4 Ng3 25.Rhe1 Nxe2+ 26.Rxe2 Bb5 27.Re4 Nc6 28.c4 Nxa5 29.cxb5 d5
30.Re2 axb5 31.Bc3 Nc4 32.Rxd5 b4 33.Rd4 Na5 34.Bd2 Be7 35.a3 Nc6 36.Rc4 Kd7
37.axb4 Rb8 38.c3 g5 39.Be3 f5 40.Rd2+ Kc7 41.gxf5 exf5 42.Rd5 f4 43.b5 Ba3+
44.Kc2  1-0

[Event "9th Parsvnath Open"]
[Site "New Delhi IND"]
[Date "2011.01.16"]
[Round "11"]
[White "Dzhumaev,M"]
[Black "Shyam,N"]
[Result "1/2-1/2"]
[WhiteElo "2493"]
[BlackElo "2381"]

1.e4 c5 2.Nf3 d6 3.d4 cxd4 4.Nxd4 Nf6 5.Nc3 a6 6.Be3 e5 7.Nb3 Be6 8.Qd2 Be7
9.O-O-O Nbd7 10.f4 Ng4 11.g3 Nxe3 12.Qxe3 b5 13.Kb1 Qb6 14.Qf3 Nf6 15.f5 Bd7
16.g4 b4 17.Ne2 h5 18.gxh5 Rxh5 19.h4 Rh7 20.Ng3 Rc8 21.Nd2 a5 22.Nc4 Qc5
23.Ne3 Bd8 24.Ba6 Rb8 25.Bc4 Bb6 26.Rd3 Qc7 27.b3 Bxe3 28.Qxe3 Bb5 29.Bxb5+ Rxb5
30.c4 bxc3 31.Rxc3 Rc5 32.Rxc5 Qxc5 33.Qd3 Qb6 34.Qc4 Ke7 35.Ne2 Qc5 36.Qd3 Qb4
37.Nc3 Rh8 38.Kb2 Qd4 39.Qxd4 exd4 40.Nb5 d3 41.Nc3 g5 42.fxg6 fxg6 43.Rd1 Rxh4
44.Rxd3 Ke6 45.Rg3 Rg4 46.Rxg4 Nxg4 47.Ka3 Nf6 48.Ka4 g5 49.Kxa5 g4 50.Kb6 Kd7
51.a4 g3 52.a5 g2 53.Ne2 Kc8 54.b4 Nxe4 55.b5 Nc3 56.Ng1 d5 57.Kc5 d4 58.Kxd4  1/2-1/2

[Event "3rd Chennai Open"]
[Site "Chennai IND"]
[Date "2011.01.19"]
[Round "2"]
[White "Vishnu,P"]
[Black "Areshchenko,A"]
[Result "0-1"]
[WhiteElo "2369"]
[BlackElo "2671"]

1.e4 c5 2.Nf3 d6 3.d4 cxd4 4.Nxd4 Nf6 5.Nc3 a6 6.Be3 e5 7.Nf3 Qc7 8.a4 Be7
9.a5 O-O 10.Be2 Nbd7 11.O-O Nc5 12.Nd2 Be6 13.Bf3 h6 14.Qe2 Qc6 15.Rfd1 Rfc8
16.h3 Rab8 17.Bxc5 Qxc5 18.Nb3 Qc7 19.Rd2 b5 20.axb6 Rxb6 21.Nd1 Rb4 22.Nc1 Qb7
23.c3 Rb5 24.Nd3 g6 25.Nb4 a5 26.Nc2 Rbc5 27.b4 axb4 28.cxb4 Rc4 29.Nde3 Rc3
30.Qa6 Qd7 31.b5 Rb3 32.Na3 Qd8 33.Nac2 Rb8 34.Ra5 Bc8 35.Qa7 R3xb5 36.Rxb5 Rxb5
37.Nc4 Rb7 38.Qa8 Qc7 39.N2e3 Rb8 40.Qa5 Qc6 41.Rc2 Qd7 42.Rd2 Rb5 43.Qa8 Kg7
44.Kh2 Bb7 45.Qa7 Qc7 46.Rc2 Rc5 47.Rb2 Bxe4 48.Bxe4 Qxa7  0-1

[Event "Marienbad Open"]
[Site "Marianske Lazne CZE"]
[Date "2011.01.19"]
[Round "6"]
[White "Fiala,Jan1"]
[Black "Kulas,S"]
[Result "0-1"]
[WhiteElo "2082"]
[BlackElo "1938"]

1.e4 c5 2.Nf3 d6 3.d4 cxd4 4.Nxd4 Nf6 5.Nc3 a6 6.Be3 e5 7.Nb3 Be7 8.f3 O-O
9.Qd2 Be6 10.O-O-O a5 11.Kb1 a4 12.Nc1 a3 13.b3 Na6 14.g4 Nc7 15.g5 Nh5 16.Rg1 Qd7
17.N1e2 Rfd8 18.Nd5 Nxd5 19.exd5 Bf5 20.Ng3 Bg6 21.Bd3 Rdc8 22.Bxg6 hxg6
23.Nxh5 gxh5 24.g6 f5 25.Bg5 f4 26.Qg2 b5 27.Rd3 b4 28.Bxe7 Qxe7 29.Qh3 Qf6
30.Qe6+ Kf8 31.Qxf6+ gxf6 32.c3 Kg7 33.cxb4 Rab8 34.Rd2 Rxb4 35.Rc1 Rxc1+
36.Kxc1 Kxg6 37.Kc2 f5 38.Kc3 Rb8 39.b4 e4 40.Rd4 Re8 41.fxe4 fxe4 42.Kd2 Kf5
43.b5 Rb8 44.Rb4 Rb6 45.Rb3 Ke5 46.Rxa3 Rxb5 47.Rh3 Rxd5+  0-1

[Event "71st ch-ARM"]
[Site "Yerevan ARM"]
[Date "2011.01.19"]
[Round "2"]
[White "Petrosian,DG"]
[Black "Ter Sahakyan,S"]
[Result "1/2-1/2"]
[WhiteElo "2485"]
[BlackElo "2541"]

1.e4 c5 2.Nf3 d6 3.d4 Nf6 4.Nc3 cxd4 5.Nxd4 a6 6.Be3 e5 7.Nf3 Be7 8.Bc4 O-O
9.O-O Nc6 10.Bg5 Na5 11.Bb3 Be6 12.Bxf6 Bxf6 13.Nd5 Bg5 14.Qd3 Bh6 15.Rad1 Nxb3
16.axb3 f5 17.Nd2 Kh8 18.exf5 Bxf5 19.Ne4 Qh4 20.f3 Rad8 21.Qe2 Bg6 22.Qe1 Qh5
23.Ng3 Qg5 24.Ne4 Qh5 25.Qb4 Qh4 26.Rfe1 Rd7 27.Re2 Bg5 28.Nf2 Qxb4 29.Nxb4 Rc8
30.Ne4 a5 31.Nd5 Bd8 32.Red2 Kg8 33.Kf2 Kf8 34.c3 Rc6 35.b4 axb4 36.Nxb4 Bxe4
37.fxe4 Rc4 38.Rxd6 Rxd6 39.Rxd6 Be7 40.Rd5 Bxb4 41.cxb4 Rxb4 42.Rxe5  1/2-1/2

[Event "ch-BLR w"]
[Site "Minsk BLR"]
[Date "2011.01.20"]
[Round "5.5"]
[White "Revo,T"]
[Black "Ziaziulkina,N"]
[Result "1/2-1/2"]
[WhiteElo "2031"]
[BlackElo "2301"]

1.e4 c5 2.Nf3 d6 3.d4 cxd4 4.Nxd4 Nf6 5.Nc3 a6 6.Be3 e5 7.Nb3 Be6 8.f3 Be7
9.Qd2 Nbd7 10.O-O-O b5 11.g4 O-O 12.g5 Nh5 13.Kb1 b4 14.Ne2 a5 15.Ng3 Nf4
16.h4 a4 17.Nc1 b3 18.Nf5 a3 19.cxb3 axb2 20.Qxb2 Bxf5 21.exf5 Qc7 22.Rg1 Rfc8
23.f6 Bf8 24.Bxf4 exf4 25.Ne2 d5 26.Bh3 Ba3 27.Qd2 Bb4 28.Qb2 Ba3 29.Qd2 Bb4  1/2-1/2